Zákony ' 99. Úplné znenie III/7 : Zákonník práce. Zákon o štátnych sviatkoch... Zákon o zamestnanosti. Zákon o sociálnom zabezpečení. Zákon o Sociálnej poisťovni. Aktualizácia

Guardado en:
Detalles Bibliográficos
Formato: Libro
Lenguaje:eslovaco
Publicado: Žilina : Poradca podnikateľa, spol.s.r.o., 1999
Etiquetas: Agregar Etiqueta
Sin Etiquetas, Sea el primero en etiquetar este registro!

MARC

LEADER 00000nam a22000003a 4500
001 stu51974
005 20150408162238.2
008 000209s1999----xo------------------slo-d
020 |a 80-88927-22-6 
040 |a STU  |b slo 
041 0 |a slo 
044 |a xo 
080 |a 336.2  |7 stu_us_auth*stu7708 
245 |a Zákony ' 99. Úplné znenie III/7 :  |b Zákonník práce. Zákon o štátnych sviatkoch... Zákon o zamestnanosti. Zákon o sociálnom zabezpečení. Zákon o Sociálnej poisťovni. Aktualizácia 
260 |a Žilina :  |b Poradca podnikateľa, spol.s.r.o.,  |c 1999 
300 |a 191 s 
996 |b 284C011342  |c C*B2330  |l CCI  |s A  |a 24  |w stu51974_0001